[Event "MPJ_D18"]
[Site "?"]
[Date "2016.03.17"]
[Round "6.2"]
[White "Dmochowska, Agnieszka"]
[Black "Kopica, Paulina"]
[Result "0-1"]
[BlackElo "1786"]
[WhiteElo "1953"]
[LiveChessVersion "1.4.8"]

1. d4 {[%clk 1:30:50]} d5 {[%clk 1:30:48]} 2. c4 {[%clk 1:31:12]} e6
{[%clk 1:31:13]} 3. Nc3 {[%clk 1:31:36]} c5 {[%clk 1:31:34]} 4. Nf3
{[%clk 1:29:25]} Nc6 {[%clk 1:31:51]} 5. cxd5 {[%clk 1:29:00]} exd5
{[%clk 1:32:12]} 6. g3 {[%clk 1:29:13]} Nf6 {[%clk 1:32:15]} 7. Bg2
{[%clk 1:29:37]} Be7 {[%clk 1:32:35]} 8. O-O {[%clk 1:28:56]} O-O
{[%clk 1:32:56]} 9. Be3 {[%clk 1:19:21]} cxd4 {[%clk 1:29:38]} 10. Nxd4
{[%clk 1:19:27]} Be6 {[%clk 1:26:09]} 11. Nxc6 {[%clk 1:07:29]} bxc6
{[%clk 1:26:28]} 12. Na4 {[%clk 1:07:52]} Qa5 {[%clk 1:07:50]} 13. Rc1
{[%clk 1:05:23]} Rac8 {[%clk 1:02:14]} 14. Bc5 {[%clk 0:58:35]} Rfe8
{[%clk 0:55:05]} 15. Bxe7 {[%clk 0:42:25]} Rxe7 {[%clk 0:55:27]} 16. Rc5
{[%clk 0:40:58]} Qa6 {[%clk 0:54:20]} 17. b4 {[%clk 0:40:14]} Bg4
{[%clk 0:47:43]} 18. f3 {[%clk 0:38:14]} Bh5 {[%clk 0:44:44]} 19. Re1
{[%clk 0:30:01]} Rce8 {[%clk 0:35:42]} 20. Ra5 {[%clk 0:22:38]} Qc4
{[%clk 0:29:42]} 21. a3 {[%clk 0:21:20]} Bg6 {[%clk 0:21:59]} 22. Rc5
{[%clk 0:17:20]} Qa2 {[%clk 0:05:32]} 23. Rxc6 {[%clk 0:14:16]} Qxa3
{[%clk 0:05:52]} 24. e4 {[%clk 0:03:52]} dxe4 {[%clk 0:05:21]} 25. fxe4
{[%clk 0:03:18]} Bxe4 {[%clk 0:02:46]} 26. Bxe4 {[%clk 0:03:20]} Rxe4
{[%clk 0:01:46]} 27. Rxe4 {[%clk 0:03:16]} Nxe4 {[%clk 0:02:02]} 28. Kf1
{[%clk 0:01:16]} h6 {[%clk 0:01:11]} 29. Nc5 {[%clk 0:01:21]} Qxb4
{[%clk 0:01:02]} 30. Nxe4 {[%clk 0:01:21]} Qb5+ {[%clk 0:01:00]} 0-1

[Event "MPJ_D18"]
[Site "?"]
[Date "2016.03.17"]
[Round "6.3"]
[White "Antolak, Julia"]
[Black "Topolan, Agata"]
[Result "1-0"]
[BlackElo "1889"]
[WhiteElo "2087"]
[LiveChessVersion "1.4.8"]

1. e4 {[%clk 1:30:58]} c5 {[%clk 1:30:54]} 2. Nf3 {[%clk 1:31:05]} e6
{[%clk 1:31:18]} 3. d4 {[%clk 1:31:28]} cxd4 {[%clk 1:31:38]} 4. Nxd4
{[%clk 1:31:50]} Nf6 {[%clk 1:31:54]} 5. Nc3 {[%clk 1:32:12]} Nc6
{[%clk 1:32:12]} 6. g3 {[%clk 1:31:03]} Bb4 {[%clk 1:31:30]} 7. Bg2
{[%clk 1:30:48]} Qa5 {[%clk 1:29:53]} 8. O-O {[%clk 1:26:19]} Bxc3
{[%clk 1:17:08]} 9. Nb3 {[%clk 1:20:40]} Qc7 {[%clk 1:15:35]} 10. bxc3
{[%clk 1:21:00]} b6 {[%clk 1:14:55]} 11. Ba3 {[%clk 1:20:30]} Qe5
{[%clk 1:09:53]} 12. c4 {[%clk 1:13:01]} Ba6 {[%clk 1:06:40]} 13. f4
{[%clk 1:11:18]} Qc3 {[%clk 1:01:28]} 14. e5 {[%clk 1:10:58]} Ne4
{[%clk 0:55:55]} 15. Re1 {[%clk 1:07:10]} f5 {[%clk 0:55:49]} 16. exf6
{[%clk 1:07:29]} Nxf6 {[%clk 0:54:42]} 17. Bxc6 {[%clk 1:03:38]} dxc6
{[%clk 0:47:49]} 18. Qd6 {[%clk 1:01:46]} Kf7 {[%clk 0:47:35]} 19. Qxe6+
{[%clk 0:55:23]} Kg6 {[%clk 0:47:51]} 20. Re5 {[%clk 0:54:36]} Bc8
{[%clk 0:43:49]} 21. f5+ {[%clk 0:47:24]} Kg5 {[%clk 0:42:21]} 22. Bc1+
{[%clk 0:47:42]} Kg4 {[%clk 0:42:44]} 23. Re4+ {[%clk 0:47:53]} 1-0

[Event "MPJ_D18"]
[Site "?"]
[Date "2016.03.17"]
[Round "6.4"]
[White "Kubicka, Anna"]
[Black "Dadello, Aleksandra"]
[Result "1-0"]
[BlackElo "2041"]
[WhiteElo "2152"]
[LiveChessVersion "1.4.8"]

1. d4 {[%clk 1:30:57]} d5 {[%clk 1:30:55]} 2. c4 {[%clk 1:31:06]} e6
{[%clk 1:31:20]} 3. Nc3 {[%clk 1:31:25]} Nf6 {[%clk 1:31:31]} 4. cxd5
{[%clk 1:31:37]} exd5 {[%clk 1:31:56]} 5. Bg5 {[%clk 1:31:52]} Be7
{[%clk 1:32:10]} 6. Qc2 {[%clk 1:32:01]} Nbd7 {[%clk 1:29:36]} 7. e3
{[%clk 1:32:21]} O-O {[%clk 1:28:54]} 8. Bd3 {[%clk 1:32:17]} c6 {[%clk 1:23:43]}
9. Nge2 {[%clk 1:32:21]} Re8 {[%clk 1:22:22]} 10. O-O {[%clk 1:32:17]} Nf8
{[%clk 1:19:41]} 11. f3 {[%clk 1:29:08]} Be6 {[%clk 1:07:07]} 12. Kh1
{[%clk 1:26:58]} Rc8 {[%clk 1:04:15]} 13. e4 {[%clk 1:25:48]} dxe4
{[%clk 0:59:42]} 14. fxe4 {[%clk 1:23:05]} Ng4 {[%clk 0:44:56]} 15. Bd2
{[%clk 1:18:00]} Bg5 {[%clk 0:40:59]} 16. Qc1 {[%clk 1:04:48]} Bxd2
{[%clk 0:36:44]} 17. Qxd2 {[%clk 1:03:53]} Qh4 {[%clk 0:36:53]} 18. Qf4
{[%clk 1:01:29]} Ng6 {[%clk 0:36:13]} 19. Qg3 {[%clk 0:59:51]} Qxg3
{[%clk 0:35:44]} 20. Nxg3 {[%clk 0:59:24]} Rcd8 {[%clk 0:35:04]} 21. d5
{[%clk 0:49:57]} cxd5 {[%clk 0:31:45]} 22. exd5 {[%clk 0:50:00]} N6e5
{[%clk 0:24:34]} 23. Bb5 {[%clk 0:43:04]} Bd7 {[%clk 0:24:47]} 24. Bxd7
{[%clk 0:40:41]} Rxd7 {[%clk 0:24:47]} 25. Rae1 {[%clk 0:38:40]} Red8
{[%clk 0:23:44]} 26. h3 {[%clk 0:37:24]} Nf2+ {[%clk 0:23:29]} 27. Rxf2
{[%clk 0:37:24]} Nd3 {[%clk 0:23:51]} 28. Rfe2 {[%clk 0:37:26]} Nxe1
{[%clk 0:24:14]} 29. Rxe1 {[%clk 0:37:54]} a6 {[%clk 0:23:33]} 30. Nge4
{[%clk 0:36:54]} Kf8 {[%clk 0:18:51]} 31. Rf1 {[%clk 0:31:07]} b6
{[%clk 0:17:39]} 32. Rf4 {[%clk 0:24:09]} Rc8 {[%clk 0:13:59]} 33. Kh2
{[%clk 0:19:54]} b5 {[%clk 0:13:18]} 34. b4 {[%clk 0:15:40]} Rc4 {[%clk 0:07:49]}
35. a3 {[%clk 0:14:06]} Rc8 {[%clk 0:04:33]} 36. Nc5 {[%clk 0:13:42]} Rd6
{[%clk 0:04:35]} 37. Rd4 {[%clk 0:12:59]} f5 {[%clk 0:03:01]} 38. Kg3
{[%clk 0:07:22]} Re8 {[%clk 0:02:19]} 39. Kf4 {[%clk 0:06:20]} g6
{[%clk 0:02:02]} 40. g4 {[%clk 0:35:38]} fxg4 {[%clk 0:31:08]} 41. N3e4
{[%clk 0:35:35]} Rdd8 {[%clk 0:29:55]} 42. hxg4 {[%clk 0:35:56]} h5
{[%clk 0:26:48]} 43. Rd2 {[%clk 0:33:17]} Kf7 {[%clk 0:26:30]} 44. d6
{[%clk 0:32:29]} h4 {[%clk 0:25:32]} 45. Ng5+ {[%clk 0:30:15]} Kf6
{[%clk 0:25:11]} 46. d7 {[%clk 0:28:05]} Re7 {[%clk 0:24:28]} 47. Rd6+
{[%clk 0:28:22]} Kg7 {[%clk 0:24:48]} 48. Nce6+ {[%clk 0:28:32]} 1-0

[Event "MPJ_D18"]
[Site "?"]
[Date "2016.03.17"]
[Round "6.5"]
[White "Kotula, Magdalena"]
[Black "Jedrocha, Katarzyna"]
[Result "1/2-1/2"]
[BlackElo "1923"]
[WhiteElo "1502"]
[LiveChessVersion "1.4.8"]

1. Nf3 {[%clk 1:30:57]} Nf6 {[%clk 1:29:12]} 2. g3 {[%clk 1:31:02]} d6
{[%clk 1:28:23]} 3. Bg2 {[%clk 1:31:14]} e5 {[%clk 1:28:15]} 4. d3
{[%clk 1:31:18]} g6 {[%clk 1:28:21]} 5. O-O {[%clk 1:31:03]} Bg7 {[%clk 1:28:38]}
6. e4 {[%clk 1:30:52]} O-O {[%clk 1:28:34]} 7. Nbd2 {[%clk 1:30:41]} c6
{[%clk 1:25:24]} 8. Re1 {[%clk 1:27:15]} Re8 {[%clk 1:22:04]} 9. Nf1
{[%clk 1:24:40]} Qc7 {[%clk 1:18:09]} 10. h4 {[%clk 1:15:41]} d5 {[%clk 1:13:02]}
11. N1h2 {[%clk 1:10:49]} Nbd7 {[%clk 1:09:16]} 12. exd5 {[%clk 1:05:48]} cxd5
{[%clk 1:08:34]} 13. Bg5 {[%clk 1:02:54]} h6 {[%clk 1:05:30]} 14. Be3
{[%clk 1:01:02]} Nb8 {[%clk 1:01:19]} 15. Qd2 {[%clk 0:56:32]} Kh7
{[%clk 1:01:20]} 16. d4 {[%clk 0:51:56]} Ne4 {[%clk 0:53:36]} 17. Qd3
{[%clk 0:40:02]} Bf5 {[%clk 0:39:20]} 18. Qb5 {[%clk 0:35:29]} Nc6
{[%clk 0:23:12]} 19. dxe5 {[%clk 0:33:31]} Nxe5 {[%clk 0:21:29]} 20. Nxe5
{[%clk 0:31:17]} Bxe5 {[%clk 0:21:07]} 21. Nf3 {[%clk 0:21:11]} Nd6
{[%clk 0:16:51]} 22. Qxd5 {[%clk 0:19:05]} Bxb2 {[%clk 0:14:56]} 23. Rab1
{[%clk 0:18:21]} Be4 {[%clk 0:13:24]} 24. Qc5 {[%clk 0:17:49]} Qxc5
{[%clk 0:12:22]} 25. Bxc5 {[%clk 0:18:17]} Nc4 {[%clk 0:12:46]} 26. Ng5+
{[%clk 0:11:25]} hxg5 27. Rxe4 {[%clk 0:11:48]} Rxe4 {[%clk 0:12:10]} 28. Bxe4
{[%clk 0:12:16]} Rc8 {[%clk 0:06:35]} 29. Bd5 {[%clk 0:10:46]} Rxc5
{[%clk 0:06:16]} 30. Bxc4 {[%clk 0:11:08]} Rxc4 {[%clk 0:05:52]} 31. Rxb2
{[%clk 0:11:37]} gxh4 {[%clk 0:04:36]} 32. Rxb7 {[%clk 0:10:30]} hxg3
{[%clk 0:01:53]} 33. Rxf7+ {[%clk 0:09:51]} Kh6 {[%clk 0:02:22]} 34. Rxa7
{[%clk 0:09:23]} gxf2+ {[%clk 0:02:43]} 35. Kxf2 {[%clk 0:09:48]} Rxc2+
{[%clk 0:03:08]} 36. Kg3 {[%clk 0:10:00]} Kh5 {[%clk 0:02:51]} 37. a4
{[%clk 0:09:30]} Rc3+ {[%clk 0:02:18]} 38. Kg2 {[%clk 0:09:28]} Kg4
{[%clk 0:02:16]} 39. a5 {[%clk 0:08:44]} Rc2+ {[%clk 0:02:27]} 40. Kf1
{[%clk 0:39:02]} Ra2 {[%clk 0:32:29]} 41. Ra8 {[%clk 0:37:35]} 1/2-1/2

[Event "MPJ_D18"]
[Site "?"]
[Date "2016.03.17"]
[Round "6.6"]
[White "Olechnicka, Karolina"]
[Black "Fraczek, Weronika"]
[Result "1/2-1/2"]
[BlackElo "1825"]
[WhiteElo "1776"]
[LiveChessVersion "1.4.8"]

1. e4 {[%clk 1:30:58]} e5 {[%clk 1:30:49]} 2. Nf3 {[%clk 1:31:23]} Nf6
{[%clk 1:31:12]} 3. Bc4 {[%clk 1:22:44]} Nc6 {[%clk 1:29:47]} 4. O-O
{[%clk 1:16:39]} Nxe4 {[%clk 1:19:50]} 5. Re1 {[%clk 1:07:08]} d5
{[%clk 1:11:44]} 6. d4 {[%clk 0:41:35]} Bf5 {[%clk 1:00:45]} 7. Bb5
{[%clk 0:38:16]} Bd6 {[%clk 0:51:05]} 8. Nxe5 {[%clk 0:32:37]} Bxe5
{[%clk 0:50:15]} 9. dxe5 {[%clk 0:32:45]} O-O {[%clk 0:49:16]} 10. f3
{[%clk 0:23:38]} Nc5 {[%clk 0:46:20]} 11. Be3 {[%clk 0:19:25]} Ne6
{[%clk 0:41:44]} 12. Bxc6 {[%clk 0:16:45]} bxc6 {[%clk 0:41:47]} 13. Qe2
{[%clk 0:12:10]} d4 {[%clk 0:39:58]} 14. Bf2 {[%clk 0:10:43]} h5 {[%clk 0:32:07]}
15. Rd1 {[%clk 0:08:39]} c5 {[%clk 0:30:44]} 16. Na3 {[%clk 0:08:25]} Qg5
{[%clk 0:24:54]} 17. Qd2 {[%clk 0:08:20]} Qg6 {[%clk 0:24:24]} 18. Rac1
{[%clk 0:06:46]} Rfd8 {[%clk 0:21:13]} 19. Nc4 {[%clk 0:07:04]} Ng5
{[%clk 0:15:54]} 20. Kh1 {[%clk 0:07:31]} Be6 {[%clk 0:15:23]} 21. Bh4
{[%clk 0:07:43]} Bxc4 {[%clk 0:13:54]} 22. Bxg5 {[%clk 0:07:43]} Re8
{[%clk 0:13:59]} 23. Bf4 {[%clk 0:07:14]} Rad8 {[%clk 0:13:06]} 24. b3
{[%clk 0:07:18]} Bd5 {[%clk 0:12:39]} 25. Qd3 {[%clk 0:07:21]} Qc6
{[%clk 0:11:13]} 26. c3 {[%clk 0:07:26]} dxc3 {[%clk 0:09:01]} 27. Qxc3
{[%clk 0:07:39]} c4 {[%clk 0:06:56]} 28. h3 {[%clk 0:06:34]} Be6 {[%clk 0:05:24]}
29. bxc4 {[%clk 0:06:13]} Rxd1+ {[%clk 0:05:32]} 30. Rxd1 {[%clk 0:06:40]} Qxc4
{[%clk 0:05:47]} 31. Qxc4 {[%clk 0:06:18]} Bxc4 {[%clk 0:06:15]} 32. Rd2
{[%clk 0:05:23]} c6 {[%clk 0:06:23]} 33. Kh2 {[%clk 0:04:49]} Bd5
{[%clk 0:06:05]} 34. Kg3 {[%clk 0:04:14]} Kh7 {[%clk 0:06:30]} 35. a4
{[%clk 0:02:34]} Rc8 {[%clk 0:05:58]} 36. Be3 {[%clk 0:02:32]} a6
{[%clk 0:05:25]} 37. a5 {[%clk 0:02:04]} Rb8 {[%clk 0:05:11]} 38. Bb6
{[%clk 0:02:19]} Re8 {[%clk 0:02:33]} 39. Kf4 {[%clk 0:02:10]} Kh6
{[%clk 0:02:34]} 40. Be3 {[%clk 0:31:46]} Kg6 {[%clk 0:32:14]} 41. g4
{[%clk 0:20:29]} hxg4 {[%clk 0:29:03]} 42. fxg4 {[%clk 0:18:37]} f6
{[%clk 0:26:33]} 43. exf6 {[%clk 0:18:29]} Re4+ {[%clk 0:25:42]} 44. Kf3
{[%clk 0:18:12]} Kxf6 {[%clk 0:25:03]} 45. Kf2 {[%clk 0:16:07]} Ra4
{[%clk 0:23:38]} 46. Bb6 {[%clk 0:15:35]} Rf4+ {[%clk 0:23:14]} 47. Kg1
{[%clk 0:14:00]} Rf3 {[%clk 0:22:20]} 48. Rf2 {[%clk 0:14:14]} Kg5
{[%clk 0:21:02]} 49. Rxf3 {[%clk 0:11:43]} Bxf3 {[%clk 0:21:25]} 50. Bc7
{[%clk 0:11:19]} Kf6 {[%clk 0:21:21]} 51. Kf2 {[%clk 0:11:38]} Bd5
{[%clk 0:21:37]} 1/2-1/2

[Event "MPJ_D18"]
[Site "?"]
[Date "2016.03.17"]
[Round "6.7"]
[White "Ostrowska, Joanna"]
[Black "Marczuk, Anna"]
[Result "1/2-1/2"]
[BlackElo "2041"]
[WhiteElo "1682"]
[LiveChessVersion "1.4.8"]

1. e4 {[%clk 1:30:57]} d6 {[%clk 1:30:50]} 2. d4 {[%clk 1:31:15]} Nf6
{[%clk 1:31:13]} 3. Bd3 {[%clk 1:30:51]} e5 {[%clk 1:31:30]} 4. d5
{[%clk 1:30:30]} g6 {[%clk 1:30:07]} 5. Ne2 {[%clk 1:25:42]} Bg7 {[%clk 1:28:01]}
6. O-O {[%clk 1:25:46]} O-O {[%clk 1:21:50]} 7. c4 {[%clk 1:22:47]} Nbd7
{[%clk 1:18:18]} 8. Nbc3 {[%clk 1:21:57]} Nc5 {[%clk 1:13:46]} 9. Bc2
{[%clk 1:22:14]} a5 {[%clk 1:09:01]} 10. f4 {[%clk 1:16:20]} exf4
{[%clk 1:05:55]} 11. Bxf4 {[%clk 1:10:07]} Ng4 {[%clk 1:03:12]} 12. h3
{[%clk 1:09:30]} Ne5 {[%clk 1:02:23]} 13. Qd2 {[%clk 1:07:59]} Nxc4
{[%clk 0:59:39]} 14. Qc1 {[%clk 1:08:05]} Bd7 {[%clk 0:54:12]} 15. Bh6
{[%clk 1:04:19]} Ne5 {[%clk 0:48:25]} 16. Bxg7 {[%clk 1:01:03]} Kxg7
{[%clk 0:48:47]} 17. Nd4 {[%clk 0:54:46]} h6 {[%clk 0:36:52]} 18. Nf3
{[%clk 0:42:23]} Qe7 {[%clk 0:31:01]} 19. Qd2 {[%clk 0:31:50]} Nxf3+
{[%clk 0:25:54]} 20. Rxf3 {[%clk 0:32:10]} Be8 {[%clk 0:24:58]} 21. Raf1
{[%clk 0:29:41]} Nd7 {[%clk 0:22:18]} 22. Rg3 {[%clk 0:28:21]} Ne5
{[%clk 0:21:22]} 23. Ne2 {[%clk 0:24:33]} Kh7 {[%clk 0:17:30]} 24. Nf4
{[%clk 0:20:51]} Bd7 {[%clk 0:14:39]} 25. Ne2 {[%clk 0:11:46]} Bb5
{[%clk 0:13:35]} 26. Rf2 {[%clk 0:09:27]} Bxe2 {[%clk 0:12:46]} 27. Qxe2
{[%clk 0:09:46]} Qh4 {[%clk 0:11:32]} 28. Rc3 {[%clk 0:08:34]} Rac8
{[%clk 0:11:11]} 29. Qf1 {[%clk 0:08:18]} Kg7 {[%clk 0:09:46]} 30. Rf4
{[%clk 0:07:19]} Qe7 {[%clk 0:08:56]} 31. Rg3 {[%clk 0:06:15]} c6
{[%clk 0:03:26]} 32. dxc6 {[%clk 0:06:00]} Rxc6 {[%clk 0:03:45]} 33. Bb3
{[%clk 0:05:58]} Rfc8 {[%clk 0:03:17]} 34. Kh2 {[%clk 0:05:59]} Rc1
{[%clk 0:02:52]} 35. Qf2 {[%clk 0:05:41]} b5 {[%clk 0:01:28]} 36. Qd4
{[%clk 0:04:48]} Kh7 {[%clk 0:01:15]} 37. Qf2 {[%clk 0:04:06]} Kg7
{[%clk 0:01:39]} 38. Qd4 {[%clk 0:03:41]} Kh7 {[%clk 0:02:02]} 39. Qf2
{[%clk 0:03:43]} Kg7 {[%clk 0:02:23]} 40. Qd4 {[%clk 0:34:00]} Kh7
{[%clk 0:31:20]} 41. Qf2 {[%clk 0:33:39]} 1/2-1/2

[Event "MPJ_D18"]
[Site "?"]
[Date "2016.03.17"]
[Round "6.8"]
[White "Murawko, Julia"]
[Black "Konopacka, Martyna"]
[Result "1-0"]
[BlackElo "1905"]
[WhiteElo "1758"]
[LiveChessVersion "1.4.8"]

1. e4 {[%clk 1:30:57]} e5 {[%clk 1:30:56]} 2. Nf3 {[%clk 1:31:23]} Nc6
{[%clk 1:31:24]} 3. Bb5 {[%clk 1:31:48]} Nge7 {[%clk 1:31:50]} 4. O-O
{[%clk 1:32:08]} g6 {[%clk 1:31:43]} 5. c3 {[%clk 1:32:16]} Bg7 {[%clk 1:31:08]}
6. d4 {[%clk 1:32:00]} exd4 {[%clk 1:31:10]} 7. cxd4 {[%clk 1:32:20]} d5
{[%clk 1:31:02]} 8. e5 {[%clk 1:27:29]} O-O {[%clk 1:30:36]} 9. h3
{[%clk 1:25:45]} Bd7 {[%clk 1:08:50]} 10. Nc3 {[%clk 1:23:39]} Qe8
{[%clk 1:00:00]} 11. Ba4 {[%clk 1:14:58]} Nd8 {[%clk 0:56:37]} 12. Bc2
{[%clk 1:00:24]} c6 {[%clk 0:55:26]} 13. Re1 {[%clk 0:57:35]} Bf5
{[%clk 0:50:43]} 14. Ne2 {[%clk 0:50:51]} Ne6 {[%clk 0:49:16]} 15. Ng3
{[%clk 0:48:44]} Bxc2 {[%clk 0:49:26]} 16. Qxc2 {[%clk 0:49:10]} Rc8
{[%clk 0:46:38]} 17. b4 {[%clk 0:45:39]} Qd7 {[%clk 0:37:30]} 18. Be3
{[%clk 0:37:59]} Rc7 {[%clk 0:37:52]} 19. Qd2 {[%clk 0:37:04]} Nc8
{[%clk 0:36:14]} 20. Nh2 {[%clk 0:21:39]} Nb6 {[%clk 0:27:02]} 21. Bh6
{[%clk 0:08:21]} Nc4 {[%clk 0:26:31]} 22. Qc1 {[%clk 0:08:38]} f5
{[%clk 0:06:13]} 23. exf6 {[%clk 0:06:11]} Bxf6 {[%clk 0:01:59]} 24. Bxf8
{[%clk 0:05:09]} Kxf8 {[%clk 0:02:16]} 25. Qh6+ {[%clk 0:04:20]} Kg8
{[%clk 0:02:07]} 26. Ng4 {[%clk 0:01:42]} Bxd4 {[%clk 0:00:46]} 27. Rad1
{[%clk 0:01:31]} Bg7 {[%clk 0:01:14]} 28. Qc1 {[%clk 0:01:13]} Nd6
{[%clk 0:01:34]} 29. Qe3 {[%clk 0:01:00]} Nd8 {[%clk 0:01:02]} 30. Qf4
{[%clk 0:00:53]} h5 {[%clk 0:00:38]} 31. Nf6+ {[%clk 0:01:13]} Bxf6
{[%clk 0:01:05]} 32. Qxf6 {[%clk 0:01:40]} Ne8 {[%clk 0:00:36]} 33. Qxg6+
{[%clk 0:01:56]} Ng7 {[%clk 0:00:40]} 34. Nxh5 {[%clk 0:02:17]} Qf7
{[%clk 0:00:43]} 35. Re8+ {[%clk 0:00:40]} Qxe8 {[%clk 0:00:56]} 36. Nf6+
{[%clk 0:01:07]} Kf8 {[%clk 0:01:06]} 37. Nxe8 {[%clk 0:01:23]} Nxe8
{[%clk 0:01:13]} 38. Re1 {[%clk 0:01:47]} Nf7 {[%clk 0:01:25]} 39. h4
{[%clk 0:01:52]} d4 {[%clk 0:01:02]} 40. h5 {[%clk 0:32:03]} Rd7 {[%clk 0:31:20]}
41. Qe6 {[%clk 0:28:23]} Rd8 {[%clk 0:30:26]} 42. Qe7+ {[%clk 0:28:31]} Kg8
{[%clk 0:30:29]} 43. Qxd8 {[%clk 0:28:41]} 1-0

[Event "MPJ_D18"]
[Site "?"]
[Date "2016.03.17"]
[Round "6.9"]
[White "Posuniak, Weronika"]
[Black "Burakowska, Gabriela"]
[Result "0-1"]
[BlackElo "1765"]
[WhiteElo "1731"]
[LiveChessVersion "1.4.8"]

1. d4 {[%clk 1:30:58]} Nf6 {[%clk 1:30:56]} 2. c4 {[%clk 1:31:22]} e6
{[%clk 1:31:18]} 3. Nc3 {[%clk 1:31:45]} Bb4 {[%clk 1:31:41]} 4. Qc2
{[%clk 1:31:53]} b6 {[%clk 1:31:34]} 5. Bg5 {[%clk 1:31:19]} Bxc3+
{[%clk 1:31:27]} 6. Qxc3 {[%clk 1:31:13]} Bb7 {[%clk 1:31:50]} 7. f3
{[%clk 1:29:59]} h6 {[%clk 1:21:56]} 8. Bh4 {[%clk 1:30:20]} d6 {[%clk 1:16:05]}
9. e3 {[%clk 1:29:29]} Nbd7 {[%clk 1:15:33]} 10. Bd3 {[%clk 1:21:45]} c5
{[%clk 1:12:27]} 11. Ne2 {[%clk 1:13:13]} Rc8 {[%clk 1:12:12]} 12. dxc5
{[%clk 1:00:56]} Rxc5 {[%clk 1:11:48]} 13. Qa3 {[%clk 0:55:17]} Ne5
{[%clk 0:58:43]} 14. Rd1 {[%clk 0:51:12]} Qb8 {[%clk 0:32:30]} 15. O-O
{[%clk 0:49:33]} Nfd7 {[%clk 0:28:52]} 16. b3 {[%clk 0:40:46]} Qa8
{[%clk 0:23:50]} 17. e4 {[%clk 0:33:17]} Qb8 {[%clk 0:20:22]} 18. Bf2
{[%clk 0:32:10]} Rc8 {[%clk 0:20:48]} 19. Bb1 {[%clk 0:25:20]} Nc5
{[%clk 0:20:32]} 20. Bd4 {[%clk 0:24:52]} O-O {[%clk 0:19:27]} 21. Qb2
{[%clk 0:23:48]} f6 {[%clk 0:18:46]} 22. Nf4 {[%clk 0:22:35]} Rce8
{[%clk 0:18:53]} 23. h4 {[%clk 0:18:01]} f5 {[%clk 0:15:14]} 24. Bxe5
{[%clk 0:15:45]} dxe5 {[%clk 0:15:39]} 25. Ng6 {[%clk 0:16:05]} Rf6
{[%clk 0:15:55]} 26. Nxe5 {[%clk 0:15:36]} fxe4 {[%clk 0:13:27]} 27. Bxe4
{[%clk 0:14:56]} Bxe4 {[%clk 0:12:52]} 28. fxe4 {[%clk 0:15:15]} Nxe4
{[%clk 0:10:09]} 29. Rfe1 {[%clk 0:12:35]} Qa8 {[%clk 0:09:51]} 30. Qd4
{[%clk 0:09:50]} Ng3 {[%clk 0:09:16]} 31. Qg4 {[%clk 0:09:39]} Nf5
{[%clk 0:08:53]} 32. Rd7 {[%clk 0:09:17]} Rd8 {[%clk 0:07:00]} 33. Red1
{[%clk 0:09:03]} Rxd7 {[%clk 0:07:25]} 34. Rxd7 {[%clk 0:09:22]} Qc8
{[%clk 0:07:49]} 35. Kh1 {[%clk 0:08:59]} Qb8 {[%clk 0:06:59]} 36. Nc6
{[%clk 0:09:04]} Ng3+ {[%clk 0:05:58]} 37. Kh2 Nf1+ 38. Kg1 {[%clk 0:07:47]} Qh2#
{[%clk 0:06:23]} 0-1

[Event "MPJ_D18"]
[Site "?"]
[Date "2016.03.17"]
[Round "6.10"]
[White "Kozubal, Aleksandra"]
[Black "Kozaczynska, Aleksandra"]
[Result "1/2-1/2"]
[BlackElo "1683"]
[WhiteElo "1688"]
[LiveChessVersion "1.4.8"]

1. d4 {[%clk 1:30:57]} Nf6 {[%clk 1:30:56]} 2. c4 {[%clk 1:31:09]} d6
{[%clk 1:31:17]} 3. Nc3 {[%clk 1:31:09]} g6 {[%clk 1:31:41]} 4. e4
{[%clk 1:31:19]} Bg7 {[%clk 1:32:06]} 5. f3 {[%clk 1:31:40]} Nbd7
{[%clk 1:30:57]} 6. Nh3 {[%clk 1:29:44]} O-O {[%clk 1:29:44]} 7. Be3
{[%clk 1:27:33]} c6 {[%clk 1:28:19]} 8. Qd2 {[%clk 1:21:58]} Re8 {[%clk 1:27:28]}
9. Be2 {[%clk 1:17:43]} a6 {[%clk 1:23:19]} 10. O-O-O {[%clk 1:08:18]} Qa5
{[%clk 1:13:08]} 11. Kb1 {[%clk 0:58:52]} b5 {[%clk 1:06:04]} 12. cxb5
{[%clk 0:47:29]} axb5 {[%clk 1:05:41]} 13. b3 {[%clk 0:46:53]} Nb6
{[%clk 1:01:59]} 14. Rc1 {[%clk 0:43:21]} Be6 {[%clk 0:57:07]} 15. d5
{[%clk 0:36:56]} Bxh3 {[%clk 0:45:45]} 16. gxh3 {[%clk 0:36:58]} b4
{[%clk 0:36:55]} 17. Bxb6 {[%clk 0:32:53]} bxc3 {[%clk 0:35:14]} 18. Bxa5
{[%clk 0:32:57]} cxd2 {[%clk 0:35:40]} 19. Bxd2 {[%clk 0:33:16]} cxd5
{[%clk 0:36:03]} 20. exd5 {[%clk 0:33:26]} Nxd5 {[%clk 0:36:19]} 21. Bb5
{[%clk 0:32:50]} Rec8 {[%clk 0:35:05]} 22. Bc6 {[%clk 0:28:08]} Nc3+
{[%clk 0:35:06]} 23. Bxc3 {[%clk 0:28:30]} Rxc6 {[%clk 0:35:26]} 24. Bxg7
{[%clk 0:28:54]} Rxc1+ {[%clk 0:35:47]} 25. Rxc1 {[%clk 0:29:20]} Kxg7
{[%clk 0:36:14]} 26. a4 {[%clk 0:26:12]} Kf6 {[%clk 0:32:55]} 27. Kb2
{[%clk 0:25:57]} d5 {[%clk 0:32:50]} 28. Ka3 {[%clk 0:22:19]} Ke5
{[%clk 0:32:08]} 29. b4 {[%clk 0:21:51]} d4 {[%clk 0:31:55]} 30. Re1+
{[%clk 0:20:41]} Kd6 {[%clk 0:31:42]} 31. Rc1 {[%clk 0:19:27]} Ra7
{[%clk 0:29:09]} 32. a5 Rc7 {[%clk 0:27:40]} 33. Rxc7 {[%clk 0:13:38]} Kxc7
{[%clk 0:28:05]} 34. b5 {[%clk 0:13:58]} e5 {[%clk 0:23:31]} 35. Kb4
{[%clk 0:13:48]} Kb7 {[%clk 0:19:32]} 36. Kc4 {[%clk 0:14:00]} f6
{[%clk 0:18:18]} 37. h4 {[%clk 0:13:42]} h6 {[%clk 0:18:15]} 38. h3
{[%clk 0:14:01]} h5 {[%clk 0:18:01]} 39. Kd3 {[%clk 0:14:01]} Ka7
{[%clk 0:17:18]} 40. b6+ {[%clk 0:43:43]} Kb7 {[%clk 0:46:46]} 1/2-1/2